000 00436nam a2200181Ia 4500
005 20240823032947.0
008 240823s9999||||xx |||||||||||||| ||und||
041 _aENGLISH
082 _A004 N3
100 _aSubramanian N
245 0 _aIntroduction to Computers
250 _a1st
260 _c1993
_b"T.M.H.,New Delhi"
500 _aTRANSFERED
650 _aComputer Science
_bComputer Science
942 _cBK
999 _c194674
_d194674